Cleopatra the story of a Queen

Na minha lista:
Detalhes bibliográficos
Autor principal: Ludwig, Emil
Formato: Livro
Idioma:Undetermined
Publicado em: New York, Estados Unidos The Viking Press 1937
Assuntos:
Tags: Adicionar Tag
Sem tags, seja o primeiro a adicionar uma tag!

MARC

LEADER 00000nam a2200000Ia 4500
008 170316s9999 xx 000 0 und d
040 |a cru BVZT 
090 |a 830 L-3c 
100 |a Ludwig, Emil 
245 |a Cleopatra the story of a Queen 
260 |a New York, Estados Unidos 
260 |b The Viking Press 
260 |c 1937 
300 |a 221 páginas 
650 |a LITERATURA ALEMANA 
999 |c 7388  |d 7388 
942 |c 15 D  |h 830 L-3c  |2 z